000 00652nam a2200241 i 4500
001 C2-0293214
003 PPAK
005 20180728025125.0
008 090120s2006 nyu |||| ||||| | eng d
020 _a9780595400942
040 _aPPAK
_beng
_cPPAK
_erda
082 0 4 _a333.9164
_223
090 0 0 _a333.9164
_bBRO
_dLCK
100 1 _aBrown, Paul,
_eauthor
245 1 0 _aNotes from a dying planet, 2004-2006
264 1 _aNew York :
_biUniverse, Inc ,
_c2006
300 _axvii, 344 pages ;
_c23 cm
336 _2rdacontent
_atext
337 _2rdamedia
_aunmediated
338 _2rdacarrier
_avolume
650 1 0 _aGlobal warming
942 _ddc
_cB
999 _c97979
_d97979